000 00709nam a2200253Ia 4500
003 OSt
005 20220918175008.0
006 a|||||r|||| 00| 0
007 ta
008 220917b |||||||| |||| 00| 0 eng d
024 _a15,067
037 _cTextual
040 _aARTS
_cARTS
_beng
041 _2eng
_aeng
082 _aNAaa, L1 (BB)
100 _aBesterman Theodore
_97867
245 0 _aArt and architecture
_b a bibliography of bibliographies
260 _aTotowa
_bRoman and Littlefield
_c1971
300 _a2165p.
_ccm.
490 _aBesterman world bibliographies
650 _aARTS
942 _hNAaa, L1 (BB)
_cTEXL
_2CC
999 _c155523
_d155523